| 000 | 00962nam a2200289Ia 4500 | ||
|---|---|---|---|
| 001 | 65393 | ||
| 003 | 138129 | ||
| 005 | 20250219101354.0 | ||
| 008 | ||||||n9999 ||| || || | ||
| 041 | _aspa | ||
| 082 | _a323.4 | ||
| 110 |
_aTribunal Permanente de los Pueblos _934007 |
||
| 245 | 0 |
_aProceso a la impunidad de crímenes de lesa humanidad en América Latina : 1989-1991 _btribunal permanente de los pueblos _cLiga Internacional por los Derechos y la Liberacion de los Pueblos - Sección colombiana |
|
| 260 |
_aBogotá : _bLiga Internacional por los Derechos y la Liberacion de los Pueblos, _c1991. |
||
| 300 | _a543p | ||
| 562 | _e1 | ||
| 650 | 0 |
_aCrímenes contra la humanidad _97822 |
|
| 650 | 0 |
_aDerechos civiles _9206115 |
|
| 650 |
_aGENOCIDIO--AMERICA LATINA _989224 |
||
| 650 |
_aIMPUNIDAD--AMÉRICA LATINA _989225 |
||
| 942 | _cBKM | ||
| 999 |
_c65393 _d65393 |
||
| 526 | _a105630 | ||
| 526 | _a1698 | ||
| 526 | _a4969 | ||
| 526 | _a51868 | ||
| 526 | _a1697 | ||